000 00323nam a22001217a 4500
008 181127b xxu||||| |||| 00| 0 eng d
041 _aeng
080 _a043.3
100 _a0
101 _aMTH-MEK
245 _aMaterialet e së ardhmes- nanomaterialet dhe përdorimi i tyre në Mekatronike
_cHysenaj,D
942 _2udc
_cBK
999 _c52568
_d52568